[Event "37th ECC Open 2022"]
[Site "Mayrhofen AUT"]
[Date "2022.10.05"]
[Round "3.2"]
[Board "1"]
[White "Harikrishna, Pentala"]
[Black "Rodshtein, Maxim"]
[Result "1/2-1/2"]
[WhiteTitle "GM"]
[BlackTitle "GM"]
[WhiteElo "2717"]
[BlackElo "2602"]
[WhiteTeam "Novy Bor Chess club"]
[BlackTeam "Beer Sheva Chess Club"]
[WhiteFideId "5007003"]
[BlackFideId "2806851"]
[EventDate "2022.10.03"]

1. e4 c6 2. d4 d5 3. e5 Bf5 4. Nd2 e6 5. Nb3 Nd7 6. Nf3 Ne7 7. Be2 h6 8. O-O g5
9. Bd2 Bg7 10. Ne1 c5 11. Nxc5 Nxc5 12. dxc5 Qc7 13. Nf3 Qxc5 14. Bc3 a6 15. Nd4
Qc7 16. Re1 Bg6 17. Bh5 O-O 18. h3 Rac8 19. Bb4 Rfe8 20. Bxe7 Rxe7 21. Bxg6 fxg6
22. Qg4 Qb6 23. Rab1 Rf8 24. c3 Rf4 25. Qg3 Qc7 26. Qd3 Kh7 27. g3 Rff7 28. Qe2
Re8 29. Rbd1 Bf8 30. Rd3 Bc5 31. Rf3 Rxf3 32. Qxf3 Re7 33. Qd3 Qb6 34. Re2 Rf7
35. Kg2 Kg7 36. a4 a5 37. Nf3 Qb3 38. Qc2 Qc4 39. b3 Qa6 40. Nd4 Qb6 41. Qd3 Rf8
42. Re3 Bxd4 43. cxd4 Qb4 44. Qd1 Rf5 45. Rd3 Rf7 46. Qc1 b6 47. Qc3 h5 48. Qc1
Rf5 49. Qd2 Qxd2 50. Rxd2 Rf7 51. Rc2 Rb7 52. Rc6 Kf7 53. Kf3 b5 54. Rc5 bxa4
55. bxa4 Rb3+ 56. Ke2 Rb2+ 57. Ke3 Rb3+ 58. Kd2 Rb2+ 59. Ke3 Rb3+ 60. Ke2 Rb2+
61. Kf1 Rb1+ 62. Kg2 Rb4 63. Rxa5 Rxd4 64. Ra7+ Kf8 65. a5 g4 66. hxg4 hxg4 67.
Kf1 Rd2 68. Ra6 Kf7 69. Ra7+ Kf8 70. a6 Ra2 71. Ke1 d4 72. Kd1 d3 73. Kc1 Rc2+
74. Kd1 Ra2 75. Ra8+ Kg7 76. a7 Kh7 77. Re8 Rxa7 78. Rxe6 Ra2 79. Rf6 Re2 80.
Rf4 1/2-1/2

[Event "37th ECC Open 2022"]
[Site "Mayrhofen AUT"]
[Date "2022.10.05"]
[Round "3.2"]
[Board "2"]
[White "Mikhalevski, Victor"]
[Black "Vidit, Santosh Gujrathi"]
[Result "0-1"]
[WhiteTitle "GM"]
[BlackTitle "GM"]
[WhiteElo "2523"]
[BlackElo "2710"]
[WhiteTeam "Beer Sheva Chess Club"]
[BlackTeam "Novy Bor Chess club"]
[WhiteFideId "2801914"]
[BlackFideId "5029465"]
[EventDate "2022.10.03"]

1. d4 d5 2. c4 e6 3. Nf3 Nf6 4. Nc3 Bb4 5. Qa4+ Nc6 6. e3 O-O 7. Qc2 Re8 8. Bd2
Bf8 9. Be2 Nb4 10. Qb1 dxc4 11. Bxc4 b6 12. a3 Ba6 13. Be2 Bxe2 14. Nxe2 Nbd5
15. e4 Ne7 16. e5 Nd7 17. Ng5 Ng6 18. h4 Be7 19. Rh3 c5 20. Rg3 cxd4 21. h5 Ngf8
22. Nf3 d3 23. Bh6 g6 24. Qxd3 Nc5 25. Qe3 Qd3 26. Nfd4 Qxe3 27. Rxe3 Rac8 28.
Rc1 gxh5 29. b4 Ncd7 30. Nc6 Ng6 31. f4 Bf8 32. Bxf8 Kxf8 33. Kd2 Rc7 34. Rd3
Nc5 35. Nxa7 Nxd3 36. Rxc7 Ndxf4 37. Nxf4 Nxf4 38. Nb5 Nxg2 39. Nd6 Re7 40. Rc8+
Kg7 41. a4 Nf4 42. a5 bxa5 43. bxa5 h4 44. Ke3 Nd5+ 45. Kf3 Ra7 46. Rc5 h5 47.
Nf5+ Kg6 48. Nxh4+ Kg5 49. Kg3 Rb7 50. Nf3+ Kf5 51. Nd4+ Kxe5 52. a6 Ra7 53.
Nc6+ Kd6 54. Nxa7 Kxc5 55. Nc8 f5 56. a7 Nc7 57. Kf4 h4 58. Ne7 Kb6 59. Ng6 h3
60. Kg3 Kxa7 61. Kxh3 Kb6 62. Kg3 Kc5 63. Kf4 Kd4 64. Nf8 Nd5+ 65. Kg5 Ke5 66.
Nd7+ Kd6 67. Nf8 f4 68. Kg4 e5 69. Nh7 e4 70. Kf5 f3 71. Ng5 Nc3 0-1

[Event "37th ECC Open 2022"]
[Site "Mayrhofen AUT"]
[Date "2022.10.05"]
[Round "3.2"]
[Board "4"]
[White "Postny, Evgeny"]
[Black "Navara, David"]
[Result "1/2-1/2"]
[WhiteTitle "GM"]
[BlackTitle "GM"]
[WhiteElo "2573"]
[BlackElo "2676"]
[WhiteTeam "Beer Sheva Chess Club"]
[BlackTeam "Novy Bor Chess club"]
[WhiteFideId "2804344"]
[BlackFideId "309095"]
[EventDate "2022.10.03"]

1. d4 d5 2. c4 c6 3. Nf3 Nf6 4. Qb3 dxc4 5. Qxc4 Bf5 6. g3 e6 7. Bg2 Be7 8. O-O
O-O 9. Nbd2 a5 10. Re1 Ne4 11. Qb3 Ra6 12. Nc4 Nd7 13. Bf4 Nb6 14. Ne3 a4 15.
Qd1 Nd5 16. Nxf5 exf5 17. a3 c5 18. dxc5 Bxc5 19. e3 Nxf4 20. Qxd8 Rxd8 21. gxf4
Rb6 22. Re2 g6 23. Rc1 Be7 24. Ne5 Rbd6 25. Bxe4 Rd1+ 26. Rxd1 Rxd1+ 27. Kg2
fxe4 28. f3 f6 29. Ng4 f5 30. Nf2 exf3+ 31. Kxf3 Rf1 32. Kg2 Rb1 33. Rc2 Kf7 34.
e4 Ke6 35. Kf3 fxe4+ 36. Nxe4 Rf1+ 37. Ke3 Re1+ 38. Kf3 Rf1+ 39. Ke3 Re1+ 40.
Kf3 Kd5 41. Rd2+ Kc6 42. Rc2+ Kd5 43. Rd2+ Kc6 44. Rc2+ Kd5 1/2-1/2

[Event "37th ECC Open 2022"]
[Site "Mayrhofen AUT"]
[Date "2022.10.05"]
[Round "3.2"]
[Board "5"]
[White "Anton Guijarro, David"]
[Black "Steinberg, Nitzan"]
[Result "1-0"]
[WhiteTitle "GM"]
[BlackTitle "GM"]
[WhiteElo "2655"]
[BlackElo "2545"]
[WhiteTeam "Novy Bor Chess club"]
[BlackTeam "Beer Sheva Chess Club"]
[WhiteFideId "2285525"]
[BlackFideId "2801795"]
[EventDate "2022.10.03"]

1. d4 d5 2. c4 e6 3. Nf3 Nf6 4. g3 Bb4+ 5. Bd2 a5 6. Bg2 O-O 7. Qc1 b6 8. O-O
Ba6 9. Ne5 c5 10. a3 Bxd2 11. Qxd2 Nbd7 12. Nxd7 Qxd7 13. cxd5 exd5 14. Nc3 Rad8
15. Rfd1 Rfe8 16. Qc2 c4 17. a4 h5 18. Rab1 h4 19. b4 hxg3 20. hxg3 Qg4 21. bxa5
bxa5 22. Rb6 Bc8 23. Bf3 Qh3 24. Rxf6 gxf6 25. Nxd5 Kg7 26. Nf4 Qh6 27. Qxc4 Qg5
28. d5 Rh8 29. Qc7 Qe5 30. Qxa5 Bf5 31. Qd2 Ra8 32. a5 Be4 33. Kg2 Rh6 34. Bxe4
Qxe4+ 35. f3 Qh7 36. Kf2 Rh2+ 37. Ng2 Qf5 38. d6 Qc5+ 39. Qd4 Qxa5 40. d7 Rd8
41. Qd6 Qe5 42. Qxe5 fxe5 43. g4 Kf6 44. Kg3 Rhh8 45. Ne3 Ke6 46. Nc4 Rxd7 47.
Rxd7 Kxd7 48. Nxe5+ Ke6 49. Kf4 Rh2 50. e4 Rh1 51. Nc4 Rf1 52. Ne3 Rf2 53. g5
Ra2 54. Nd5 Ra1 55. Nc7+ Kd6 56. Nb5+ Kc5 57. Nc3 Rf1 58. Ne2 Kd6 59. Nd4 Rg1
60. Kf5 Kc5 61. Ne2 Rf1 62. f4 Rf2 63. Nc3 Kd4 64. Nd5 Rf1 65. Nf6 Re1 66. e5
Ra1 67. Ng4 Ra7 68. Nh6 Ke3 69. Kg4 Ra4 70. Nf5+ Kf2 71. g6 fxg6 72. Nh4 Ke3 73.
Nxg6 Ke4 74. e6 Kd5 75. e7 Re4 76. Ne5 1-0

[Event "37th ECC Open 2022"]
[Site "Mayrhofen AUT"]
[Date "2022.10.05"]
[Round "3.2"]
[Board "6"]
[White "Kobo, Ori"]
[Black "Ragger, Markus"]
[Result "1/2-1/2"]
[WhiteTitle "GM"]
[BlackTitle "GM"]
[WhiteElo "2544"]
[BlackElo "2632"]
[WhiteTeam "Beer Sheva Chess Club"]
[BlackTeam "Novy Bor Chess club"]
[WhiteFideId "2812320"]
[BlackFideId "1610856"]
[EventDate "2022.10.03"]

1. d4 Nf6 2. c4 g6 3. Nc3 d5 4. Nf3 Bg7 5. e3 O-O 6. cxd5 Nxd5 7. Bc4 Nb6 8. Bb3
c5 9. O-O Bg4 10. dxc5 N6d7 11. Na4 Qc7 12. h3 Bxf3 13. Qxf3 Na6 14. c6 Qxc6 15.
Qxc6 bxc6 16. Bc4 Nac5 17. Nxc5 Nxc5 18. Rb1 Rfd8 19. Be2 Ne4 20. Bf3 Nd2 21.
Bxd2 Rxd2 22. Rfd1 Rxd1+ 23. Rxd1 Bxb2 24. Bxc6 Rc8 25. Bd5 e6 26. Bb3 Rc1 27.
Rxc1 Bxc1 28. Kf1 Kf8 29. Ke2 Ke7 30. Kd3 Kd6 1/2-1/2

[Event "37th ECC Open 2022"]
[Site "Mayrhofen AUT"]
[Date "2022.10.05"]
[Round "3.3"]
[Board "1"]
[White "Pechac, Jergus"]
[Black "Vachier-Lagrave, Maxime"]
[Result "1/2-1/2"]
[WhiteTitle "GM"]
[BlackTitle "GM"]
[WhiteElo "2633"]
[BlackElo "2747"]
[WhiteTeam "Sentimento Ajka BSK"]
[BlackTeam "Asnieres Le Grand Echiquier"]
[WhiteFideId "14926970"]
[BlackFideId "623539"]
[EventDate "2022.10.03"]

1. d4 Nf6 2. c4 g6 3. Nc3 d5 4. Bg5 Bg7 5. Bxf6 Bxf6 6. cxd5 c5 7. dxc5 Nd7 8.
Rc1 Nxc5 9. g3 O-O 10. Bg2 Qb6 11. Qd2 Rd8 12. h4 Bf5 13. Nh3 Rac8 14. O-O Qb4
15. Rfe1 Na4 16. e4 Nxb2 17. exf5 Bxc3 18. Qh6 Bxe1 19. Ng5 Bxf2+ 20. Kh2 Bxg3+
21. Kxg3 Qd6+ 22. Kh3 Qf6 23. Qxh7+ Kf8 24. Rf1 Rc3+ 25. Kh2 gxf5 26. Rxf5 Qd6+
27. Kh1 Rc1+ 28. Bf1 Rxf1+ 29. Kg2 Ke8 30. Qxf7+ Kd7 31. Rxf1 Kc8 32. Qe6+ Qxe6
33. dxe6 Nc4 34. Rf7 Rh8 35. Kg3 Nd6 36. Kg4 Kd8 37. h5 Ke8 38. Rf1 Rh6 39. a4
Nc4 40. Rc1 Ne5+ 41. Kh4 Kf8 42. Rc5 Nc6 43. a5 a6 44. Rf5+ Kg7 45. Rf7+ Kg8 46.
Rf4 Nxa5 47. Rg4 Kf8 48. Rf4+ Kg8 49. Rg4 Kf8 50. Rf4+ 1/2-1/2

[Event "37th ECC Open 2022"]
[Site "Mayrhofen AUT"]
[Date "2022.10.05"]
[Round "3.3"]
[Board "2"]
[White "Esipenko, Andrey"]
[Black "Banusz, Tamas"]
[Result "1/2-1/2"]
[WhiteTitle "GM"]
[BlackTitle "GM"]
[WhiteElo "2668"]
[BlackElo "2622"]
[WhiteTeam "Asnieres Le Grand Echiquier"]
[BlackTeam "Sentimento Ajka BSK"]
[WhiteFideId "24175439"]
[BlackFideId "722413"]
[EventDate "2022.10.03"]

1. d4 d5 2. c4 c6 3. Nf3 Nf6 4. e3 Bf5 5. Nc3 e6 6. Nh4 Be4 7. f3 Bg6 8. Qb3 Qc7
9. Bd2 Be7 10. Nxg6 hxg6 11. O-O-O dxc4 12. Bxc4 a6 13. Ne4 Nxe4 14. fxe4 b5 15.
Be2 c5 16. Kb1 Nc6 17. d5 exd5 18. exd5 Ne5 19. h4 Bd6 20. g4 c4 21. Qc2 O-O-O
22. h5 Kb8 23. Bc3 g5 24. Qf5 Qe7 25. Rdf1 Rh6 26. Bd1 f6 27. Bc2 Qd7 28. Rd1
Qe7 29. Qe6 Qc7 30. Rdf1 Rd7 31. Bf5 Rd8 32. Bc2 Rd7 33. Bd4 Kb7 34. Bf5 Rd8 35.
Be4 Nd7 36. Qf7 Ne5 37. Qxc7+ Kxc7 38. Bf5 Nd7 39. e4 Be5 40. Be3 Kd6 41. Bd2
Nc5 42. Bb4 Ra8 43. Rd1 Rhh8 44. a4 a5 45. Bxc5+ Kxc5 46. d6 bxa4 47. Rd5+ Kc6
48. Rc1 c3 49. d7 Rab8 50. Rxe5 fxe5 51. Rxc3+ Kd6 52. Ka2 Rhd8 53. Rd3+ Kc6 54.
Rc3+ Kd6 55. Rc8 Ke7 56. Rc5 Kf6 57. Rc6+ Kf7 58. Rc5 Kf6 59. Rc6+ Kf7 60. Rg6
Rb5 61. Be6+ Ke7 62. Bc4 Rb4 63. Rxg7+ Kd6 64. Bd5 Rxd7 65. h6 Rd8 66. Rxg5 Rdb8
67. h7 Rxb2+ 68. Ka3 Rh2 69. Bg8 Rh3+ 70. Ka2 Rh2+ 71. Ka3 Rh3+ 72. Ka2 Rh2+ 73.
Ka3 1/2-1/2

[Event "37th ECC Open 2022"]
[Site "Mayrhofen AUT"]
[Date "2022.10.05"]
[Round "3.3"]
[Board "3"]
[White "Michalik, Peter"]
[Black "Moussard, Jules"]
[Result "1-0"]
[WhiteTitle "GM"]
[BlackTitle "GM"]
[WhiteElo "2558"]
[BlackElo "2686"]
[WhiteTeam "Sentimento Ajka BSK"]
[BlackTeam "Asnieres Le Grand Echiquier"]
[WhiteFideId "14907526"]
[BlackFideId "642908"]
[EventDate "2022.10.03"]

1. d4 Nf6 2. c4 e6 3. g3 d5 4. Nf3 Bb4+ 5. Bd2 Be7 6. Bg2 O-O 7. Qc2 c6 8. O-O
Nbd7 9. Bf4 b6 10. cxd5 cxd5 11. Rc1 Bb7 12. Nc3 Rc8 13. Qd1 a6 14. a4 Nh5 15.
Bd2 Bd6 16. e4 dxe4 17. Ng5 Nhf6 18. Ngxe4 Nxe4 19. Bxe4 Bxe4 20. Nxe4 Be7 21.
Be3 Rxc1 22. Rxc1 Nf6 23. Nxf6+ Bxf6 24. Rc6 h6 25. Qd3 b5 26. Rxa6 bxa4 27.
Rxa4 Qd5 28. Qc2 Qb7 29. Rc4 Rd8 30. h4 h5 31. Rc7 Qa8 32. Kh2 g6 33. b4 Rb8 34.
b5 Bd8 35. Rc6 Qb7 36. Qc4 Bb6 37. Bf4 Rd8 38. Be5 Kh7 39. Bf6 Ra8 40. Qc1 Bd8
41. Qf4 Bxf6 42. Qxf6 Kg8 43. d5 exd5 44. b6 Rf8 45. Rc7 Qa6 46. Qd4 Qa5 47. Rd7
Qb5 48. Rxd5 Qc6 49. Rd6 Qf3 50. Rd7 Kh7 51. b7 Re8 52. Qa7 Kg7 53. Qd4+ Kh7 54.
Re7 Rd8 55. Qe3 Qf6 56. Kg2 Rb8 57. Rc7 Kg7 58. Qf3 Qe6 59. Qc3+ Qf6 60. Qxf6+
Kxf6 61. Kf3 Ke6 62. Kf4 f6 63. Rc6+ Kf7 64. Rb6 Ke7 65. Ke4 g5 66. Kf5 gxh4 67.
gxh4 Kd8 68. Kxf6 Kc7 69. Rb2 1-0

[Event "37th ECC Open 2022"]
[Site "Mayrhofen AUT"]
[Date "2022.10.05"]
[Round "3.3"]
[Board "4"]
[White "Alekseenko, Kirill"]
[Black "Prohaszka, Peter2"]
[Result "1/2-1/2"]
[WhiteTitle "GM"]
[BlackTitle "GM"]
[WhiteElo "2691"]
[BlackElo "2570"]
[WhiteTeam "Asnieres Le Grand Echiquier"]
[BlackTeam "Sentimento Ajka BSK"]
[WhiteFideId "4135539"]
[BlackFideId "726265"]
[EventDate "2022.10.03"]

1. e4 c6 2. d4 d5 3. e5 Bf5 4. c4 e6 5. Nc3 Bb4 6. cxd5 cxd5 7. h4 h6 8. g4 Be4
9. f3 Bh7 10. a3 Bxc3+ 11. bxc3 Nd7 12. Ra2 Ne7 13. Ne2 Qc7 14. a4 Nb6 15. a5
Nc4 16. Nf4 Nxa5 17. Bb5+ Kf8 18. Qa4 Nc4 19. Rhh2 Kg8 20. Bxc4 dxc4 21. Ba3 Bd3
22. h5 Nc6 23. Bd6 Qd7 24. Nxd3 cxd3 25. Qb5 f6 26. Rab2 Rc8 27. f4 fxe5 28.
dxe5 b6 29. Kf2 Qf7 30. Kg3 Ne7 31. c4 Kh7 32. Qb3 Rhd8 33. Qxd3+ Kg8 34. Rhc2
Rd7 35. Qe4 Rcd8 36. Kg2 Nc8 37. c5 bxc5 38. Bxc5 Rd5 39. Be3 Nb6 40. Rc6 Rd1
41. Qg6 Qb7 42. Qxe6+ Kh8 43. Kh2 Qa6 44. Rd6 R8xd6 45. exd6 Qd3 46. Ra2 Nc4 47.
Bxa7 Rd2+ 48. Rxd2 Qxd2+ 49. Kg3 Qd3+ 50. Kg2 Nxd6 51. f5 Ne4 52. Qe8+ Kh7 53.
Qg6+ Kg8 54. Qe8+ 1/2-1/2

[Event "37th ECC Open 2022"]
[Site "Mayrhofen AUT"]
[Date "2022.10.05"]
[Round "3.3"]
[Board "5"]
[White "Korpa, Bence"]
[Black "Movsesian, Sergei"]
[Result "1/2-1/2"]
[WhiteTitle "GM"]
[BlackTitle "GM"]
[WhiteElo "2496"]
[BlackElo "2619"]
[WhiteTeam "Sentimento Ajka BSK"]
[BlackTeam "Asnieres Le Grand Echiquier"]
[WhiteFideId "706671"]
[BlackFideId "310204"]
[EventDate "2022.10.03"]

1. Nf3 d5 2. e3 Nf6 3. c4 e6 4. Nc3 a6 5. b3 c5 6. Bb2 Nc6 7. cxd5 exd5 8. d4
Bg4 9. Be2 Bxf3 10. Bxf3 cxd4 11. exd4 Bb4 12. O-O Bxc3 13. Bxc3 O-O 14. Qd3 Qd6
15. g3 Nb4 16. Qd2 Nc6 17. Qd3 Nb4 18. Qd2 Nc6 19. Qd3 1/2-1/2

[Event "37th ECC Open 2022"]
[Site "Mayrhofen AUT"]
[Date "2022.10.05"]
[Round "3.3"]
[Board "6"]
[White "Cornette, Matthieu"]
[Black "Kaczur, Florian"]
[Result "1-0"]
[WhiteTitle "GM"]
[BlackTitle "IM"]
[WhiteElo "2572"]
[BlackElo "2483"]
[WhiteTeam "Asnieres Le Grand Echiquier"]
[BlackTeam "Sentimento Ajka BSK"]
[WhiteFideId "620084"]
[BlackFideId "705098"]
[EventDate "2022.10.03"]

1. e4 e5 2. Nf3 Nc6 3. Bc4 Nf6 4. d3 Be7 5. O-O O-O 6. Re1 d6 7. a3 h6 8. Nbd2
Re8 9. c3 Bf8 10. b4 a6 11. Bb2 b5 12. Ba2 Be6 13. Bxe6 Rxe6 14. c4 Qd7 15. Rc1
Rc8 16. Qc2 Ne7 17. d4 Nh5 18. dxe5 Rg6 19. Nh4 Rg4 20. Ndf3 g5 21. Nf5 Nxf5 22.
exf5 Rxc4 23. e6 Qc6 24. Qb1 Nf4 25. e7 Bg7 26. Rxc4 bxc4 27. f6 Bh8 28. Qf5 Re8
29. h4 Qb5 30. Qg4 Nd3 31. Nd4 Qd5 32. Qd7 Qa8 33. Nf5 Kh7 34. Nxh6 Kxh6 35. Qf5
Qc8 36. Qxg5+ Kh7 37. Re3 Nf4 38. Qxf4 1-0

[Event "37th ECC Open 2022"]
[Site "Mayrhofen AUT"]
[Date "2022.10.05"]
[Round "3.4"]
[Board "2"]
[White "Huschenbeth, Niclas"]
[Black "Saric, Ivan"]
[Result "1/2-1/2"]
[WhiteTitle "GM"]
[BlackTitle "GM"]
[WhiteElo "2593"]
[BlackElo "2668"]
[WhiteTeam "FC Bayern München"]
[BlackTeam "TAJFUN - SK Ljubljana"]
[WhiteFideId "24604747"]
[BlackFideId "14508150"]
[EventDate "2022.10.03"]

1. e4 c5 2. Nf3 d6 3. d4 cxd4 4. Nxd4 Nf6 5. Nc3 a6 6. Be2 e5 7. Nb3 Be7 8. Be3
Be6 9. Nd5 Nbd7 10. Qd3 Bxd5 11. exd5 Rc8 12. c4 O-O 13. O-O Ne8 14. a4 Bg5 15.
a5 g6 16. Nd2 f5 17. Bxg5 Qxg5 18. Rfd1 e4 19. Qa3 Ne5 20. Qe3 Qxe3 21. fxe3 Nf6
22. Ra4 Rf7 23. Rb4 Rfc7 24. Rb6 Ne8 25. Rc1 Nd7 26. Rb4 Nef6 27. Rc3 Nc5 28.
Nb3 Nd3 29. Bxd3 exd3 30. Nd2 Rc5 31. Rxd3 Rxa5 32. Rxb7 Ra1+ 33. Kf2 Ng4+ 34.
Kg3 Rd1 35. h3 Nf6 36. Kf3 Rxc4 37. Nxc4 Rxd3 38. Rb6 Rxd5 39. Rxd6 Rxd6 40.
Nxd6 Kf8 41. Nb7 Ne4 42. Kf4 Ke7 43. Ke5 Kd7 44. Kd5 Nf6+ 45. Kc5 Kc7 46. Nd6
Nd7+ 47. Kd5 Nb6+ 48. Ke6 Kc6 49. e4 fxe4 50. Nxe4 Na4 51. Kf6 Nxb2 52. Kg7 Kd5
53. Nd2 Nc4 54. Nb3 Ne3 55. g3 Kc4 56. Na5+ Kb5 57. Nb3 Kb4 58. Nc1 Nf5+ 59.
Kxh7 Nxg3 60. Kxg6 a5 61. h4 a4 62. h5 Nxh5 63. Kxh5 a3 64. Kh6 Kc3 65. Kh7 Kc2
66. Na2 Kb2 67. Nb4 a2 68. Nxa2 1/2-1/2

[Event "37th ECC Open 2022"]
[Site "Mayrhofen AUT"]
[Date "2022.10.05"]
[Round "3.4"]
[Board "3"]
[White "Nihal, Sarin"]
[Black "Bogner, Sebastian"]
[Result "1/2-1/2"]
[WhiteTitle "GM"]
[BlackTitle "GM"]
[WhiteElo "2673"]
[BlackElo "2548"]
[WhiteTeam "TAJFUN - SK Ljubljana"]
[BlackTeam "FC Bayern München"]
[WhiteFideId "25092340"]
[BlackFideId "4692055"]
[EventDate "2022.10.03"]

1. c4 e5 2. Nc3 Nf6 3. Nf3 Nc6 4. d3 d5 5. cxd5 Nxd5 6. e4 Nb6 7. Be2 Be7 8. Be3
O-O 9. O-O Be6 10. Rc1 Qd7 11. d4 exd4 12. Nxd4 Nxd4 13. Qxd4 Qxd4 14. Bxd4 Rfd8
15. Rfd1 c5 16. Be3 Nc4 17. Bxc4 Bxc4 18. b3 Be6 19. f4 g6 20. Nb5 b6 21. Nc7
Rxd1+ 22. Rxd1 Rd8 23. Rxd8+ Bxd8 24. Nxe6 fxe6 25. Kf2 Kf7 26. g4 Ke7 27. e5
Kd7 28. Kf3 Kc6 29. Ke4 Be7 30. f5 gxf5+ 31. gxf5 exf5+ 32. Kxf5 Kd5 33. e6 a6
34. Bf4 b5 35. Be5 c4 36. Bf6 Kd6 37. bxc4 bxc4 38. a4 Bf8 39. h3 Bh6 40. e7 Kd7
41. Ke4 Bc1 42. Kd5 c3 43. Bxc3 Kxe7 44. Kc6 Be3 45. a5 Kd8 46. Kb7 Kd7 47. Kxa6
Kc6 48. Bf6 h5 49. Bd8 Bf2 50. Bb6 Bg3 51. Ka7 Be5 52. a6 Bg3 53. Be3 Kc7 54.
Ka8 Kc8 55. a7 Be5 56. Bf4 Bxf4 57. h4 Bg3 1/2-1/2

[Event "37th ECC Open 2022"]
[Site "Mayrhofen AUT"]
[Date "2022.10.05"]
[Round "3.4"]
[Board "4"]
[White "Johansson, Linus"]
[Black "Volokitin, Andrei"]
[Result "1/2-1/2"]
[WhiteTitle "IM"]
[BlackTitle "GM"]
[WhiteElo "2461"]
[BlackElo "2645"]
[WhiteTeam "FC Bayern München"]
[BlackTeam "TAJFUN - SK Ljubljana"]
[WhiteFideId "1711113"]
[BlackFideId "14107090"]
[EventDate "2022.10.03"]

1. d4 Nf6 2. c4 e6 3. Nc3 Bb4 4. e3 O-O 5. Nf3 c5 6. Bd3 d5 7. cxd5 exd5 8. dxc5
Bg4 9. O-O Nbd7 10. Bd2 Ne5 11. Be2 Bxf3 12. Bxf3 Bxc5 13. Be2 a6 14. Qb3 b5 15.
Rad1 Ra7 16. Bc1 Rd7 17. a4 b4 18. Nb1 Qb6 19. Nd2 d4 20. Nf3 Nxf3+ 21. Bxf3
Rfd8 22. exd4 Rxd4 23. Rxd4 Bxd4 24. g3 Qc5 25. Kg2 h5 26. Rd1 Ng4 27. Be3 Nxe3+
28. fxe3 Bf6 29. Rxd8+ Bxd8 30. Qd5 Qxd5 31. Bxd5 a5 32. b3 g6 33. h4 Kg7 34.
Kf3 Bc7 35. Bc4 f5 36. Bb5 Kf7 37. Kf2 Ke7 38. Kf3 Bd6 1/2-1/2

[Event "37th ECC Open 2022"]
[Site "Mayrhofen AUT"]
[Date "2022.10.05"]
[Round "3.4"]
[Board "5"]
[White "Predojevic, Borki"]
[Black "Zajogin, Alexander"]
[Result "1-0"]
[WhiteTitle "GM"]
[WhiteElo "2584"]
[BlackElo "2409"]
[WhiteTeam "TAJFUN - SK Ljubljana"]
[BlackTeam "FC Bayern München"]
[WhiteFideId "930849"]
[BlackFideId "13500430"]
[EventDate "2022.10.03"]

1. e4 e5 2. Nf3 Nc6 3. Bb5 Nf6 4. d3 Bc5 5. Bxc6 dxc6 6. O-O Nd7 7. c3 O-O 8. d4
Bd6 9. Bg5 f6 10. Bh4 Qe7 11. Nbd2 Re8 12. Qc2 Qf7 13. Bg3 b6 14. Rfe1 Nf8 15.
Qa4 b5 16. Qc2 a5 17. a4 Bd7 18. dxe5 fxe5 19. c4 Ng6 20. axb5 cxb5 21. cxb5 h6
22. Nc4 Bxb5 23. Nxd6 cxd6 24. Qd2 Ra6 25. Rxa5 Rxa5 26. Qxa5 Qb7 27. Qb4 Qc6
28. h4 Nh8 29. Nd2 Nf7 30. Nb1 Qc4 31. Qd2 Bc6 32. Nc3 Rb8 33. Re2 Qc5 34. Kh2
Ra8 35. Qd1 Qc4 36. f3 g6 37. Rd2 Rb8 38. Rxd6 Rxb2 39. Rxg6+ Kh7 40. Rf6 Kg7
41. Rxf7+ Kxf7 42. Qc1 Rb5 43. h5 Ra5 44. Qxh6 Qxc3 45. Bh4 Qc5 46. Qf6+ Ke8 47.
Qe6+ Kf8 48. Bg5 Kg7 49. h6+ 1-0

[Event "37th ECC Open 2022"]
[Site "Mayrhofen AUT"]
[Date "2022.10.05"]
[Round "3.4"]
[Board "6"]
[White "Rafiee, Makan"]
[Black "Sebenik, Matej"]
[Result "0-1"]
[WhiteTitle "FM"]
[BlackTitle "GM"]
[WhiteElo "2316"]
[BlackElo "2518"]
[WhiteTeam "FC Bayern München"]
[BlackTeam "TAJFUN - SK Ljubljana"]
[WhiteFideId "24609340"]
[BlackFideId "14602296"]
[EventDate "2022.10.03"]

1. e4 c5 2. Nf3 Nc6 3. d4 cxd4 4. Nxd4 Nf6 5. Nc3 e5 6. Ndb5 d6 7. Bg5 a6 8. Na3
b5 9. Bxf6 gxf6 10. Nd5 f5 11. g3 fxe4 12. Bg2 Bg7 13. Bxe4 Be6 14. Qh5 Rc8 15.
O-O Ne7 16. Nxe7 Qxe7 17. Rad1 h6 18. Nb1 b4 19. c3 a5 20. a3 O-O 21. axb4 axb4
22. cxb4 Rc4 23. Nc3 Rxb4 24. Rd2 Rxe4 25. Nxe4 d5 26. Nc3 d4 27. Ne2 Qb4 28.
Rdd1 Qxb2 29. f4 Bc4 30. Rf2 e4 31. f5 e3 32. Rg2 d3 33. Nf4 e2 34. Re1 d2 0-1

[Event "37th ECC Open 2022"]
[Site "Mayrhofen AUT"]
[Date "2022.10.05"]
[Round "3.5"]
[Board "1"]
[White "Can, Emre"]
[Black "Maghsoodloo, Parham"]
[Result "1-0"]
[WhiteTitle "GM"]
[BlackTitle "GM"]
[WhiteElo "2592"]
[BlackElo "2721"]
[WhiteTeam "Gokturk Satranc Spor Kulubu"]
[BlackTeam "Clichy-Echecs-92"]
[WhiteFideId "6302181"]
[BlackFideId "12539929"]
[EventDate "2022.10.03"]

1. d4 Nf6 2. c4 e6 3. g3 d5 4. Bg2 dxc4 5. Nf3 a6 6. O-O Nc6 7. a4 Rb8 8. a5 b5
9. axb6 cxb6 10. Bf4 Bd6 11. Ne5 Ne7 12. Bc6+ Kf8 13. Bg2 Nfd5 14. Bd2 Qc7 15.
e4 Nb4 16. Na3 b5 17. Nexc4 bxc4 18. e5 Bxe5 19. dxe5 Nd3 20. Ba5 Qc5 21. Nxc4
Qxc4 22. Ra3 Nd5 23. Rxd3 h6 24. Rc3 Qb5 25. Bc7 Ra8 26. Rc5 Qb7 27. Bd6+ Kg8
28. Rxd5 exd5 29. Bxd5 Qa7 30. Qf3 1-0

[Event "37th ECC Open 2022"]
[Site "Mayrhofen AUT"]
[Date "2022.10.05"]
[Round "3.5"]
[Board "2"]
[White "Van Foreest, Jorden"]
[Black "Sanal, Vahap"]
[Result "1/2-1/2"]
[WhiteTitle "GM"]
[BlackTitle "GM"]
[WhiteElo "2694"]
[BlackElo "2595"]
[WhiteTeam "Clichy-Echecs-92"]
[BlackTeam "Gokturk Satranc Spor Kulubu"]
[WhiteFideId "1039784"]
[BlackFideId "6300545"]
[EventDate "2022.10.03"]

1. e4 e5 2. Nf3 Nc6 3. d4 exd4 4. Nxd4 Bc5 5. Nb3 Bb6 6. Nc3 d6 7. Bf4 Nf6 8.
Qd2 a5 9. a4 Nb4 10. O-O-O O-O 11. f3 Nd7 12. h4 Nc5 13. Nxc5 Bxc5 14. h5 Be6
15. h6 g6 16. Kb1 Qe7 17. Nd5 Nxd5 18. exd5 Bd7 19. Re1 Qd8 20. Be3 Bxe3 21.
Rxe3 Qf6 22. Bb5 c6 23. Bc4 cxd5 24. Bxd5 Bxa4 25. g4 Rac8 26. b3 Bd7 27. g5 Qf4
28. Bxb7 Rc5 29. Rd3 Qxd2 30. Rxd2 Rxg5 31. Rxd6 Be6 32. Kb2 Rb8 33. Rhd1 Kf8
34. Rd8+ Rxd8 35. Rxd8+ Ke7 36. Rh8 Rb5 37. Be4 a4 38. Bc6 Rh5 39. bxa4 Rxh6 40.
a5 Rh5 41. a6 Ra5 42. Bb7 h5 43. f4 Kd6 44. Rh7 Kc7 45. Be4 Kb6 46. Bd3 Ra4 47.
f5 1/2-1/2